Online katalóg knižníc regiónu Turca

Aktívne vnímanie (Record no. 22317)

MARC details
000 -LEADER
fixed length control field 01667nam a2200517 a 4500
001 - CONTROL NUMBER
control field 22317
003 - CONTROL NUMBER IDENTIFIER
control field VRT
005 - DATE AND TIME OF LATEST TRANSACTION
control field 20260326103641.0
008 - FIXED-LENGTH DATA ELEMENTS--GENERAL INFORMATION
fixed length control field 110624|2011 xo g 000 0dslo d
020 ## - INTERNATIONAL STANDARD BOOK NUMBER
International Standard Book Number 9788081110382 (viaz.)
035 ## - SYSTEM CONTROL NUMBER
System control number (VRT)vtls010276072
039 #9 - LEVEL OF BIBLIOGRAPHIC CONTROL AND CODING DETAIL [OBSOLETE]
Level of rules in bibliographic description 201110041235
Level of effort used to assign nonsubject heading access points zima
Level of effort used to assign subject headings 201109121224
Level of effort used to assign classification scepkova
Level of effort used to assign subject headings 201106240901
Level of effort used to assign classification viera
040 ## - CATALOGING SOURCE
Original cataloging agency HEVK
Language of cataloging slo
Transcribing agency UKB
Modifying agency SVKBB
Description conventions AACR2
041 1# - LANGUAGE CODE
Language code of text/sound track or separate title slo
Language code of original ger
044 ## - COUNTRY OF PUBLISHING/PRODUCING ENTITY CODE
MARC country code xo
ISO country code SK
072 #7 - SUBJECT CATEGORY CODE
Subject category code 159.92
Subject category code subdivision Vývinová psychológia. Psychológia osobnosti
Source konspekt
080 ## - UNIVERSAL DECIMAL CLASSIFICATION NUMBER
Universal Decimal Classification number 159.93
Edition identifier 2001
080 ## - UNIVERSAL DECIMAL CLASSIFICATION NUMBER
Universal Decimal Classification number 159.952
Edition identifier 2001
080 ## - UNIVERSAL DECIMAL CLASSIFICATION NUMBER
Universal Decimal Classification number 159.923.5
Edition identifier 2001
080 ## - UNIVERSAL DECIMAL CLASSIFICATION NUMBER
Universal Decimal Classification number (0.062)
Edition identifier 2001
100 1# - MAIN ENTRY--PERSONAL NAME
Personal name Tepperwein, Kurt,
Dates associated with a name 1932-
240 10 - UNIFORM TITLE
Uniform title Gelebte Achtsamkeit. Der Königsweg zu Freiheit und Fülle.
Language of a work Slovensky
245 10 - TITLE STATEMENT
Title Aktívne vnímanie
Remainder of title kráľovská cesta k slobode a naplneniu
Statement of responsibility, etc. Kurt Tepperwein ; [z nemeckého originálu preložil Ján Zaťko]
250 ## - EDITION STATEMENT
Edition statement 1. vyd.
260 ## - PUBLICATION, DISTRIBUTION, ETC.
Place of publication, distribution, etc. Bratislava
Name of publisher, distributor, etc. Noxi
Date of publication, distribution, etc. 2011
300 ## - PHYSICAL DESCRIPTION
Extent 119 s.
500 ## - GENERAL NOTE
General note Frontsp.
650 07 - SUBJECT ADDED ENTRY--TOPICAL TERM
Topical term or geographic name entry element vnímanie
Source of heading or term UKBPH
650 07 - SUBJECT ADDED ENTRY--TOPICAL TERM
Topical term or geographic name entry element pozornosť
Source of heading or term UKBPH
650 07 - SUBJECT ADDED ENTRY--TOPICAL TERM
Topical term or geographic name entry element meditačné techniky
Source of heading or term UKBPH
650 07 - SUBJECT ADDED ENTRY--TOPICAL TERM
Topical term or geographic name entry element rozvoj osobnosti
Source of heading or term UKBPH
653 ## - INDEX TERM--UNCONTROLLED
Uncontrolled term 159.93
653 ## - INDEX TERM--UNCONTROLLED
Uncontrolled term 159.952
653 ## - INDEX TERM--UNCONTROLLED
Uncontrolled term 159.923.5
653 ## - INDEX TERM--UNCONTROLLED
Uncontrolled term (0.062)
655 07 - INDEX TERM--GENRE/FORM
Genre/form data or focus term populárno-náučné publikácie
Source of term UKBPH
700 1# - ADDED ENTRY--PERSONAL NAME
Personal name Zaťko, Ján
Relationship trl
910 ## - USER-OPTION DATA (OCLC)
User-option data hevk
910 ## - USER-OPTION DATA (OCLC)
User-option data svkbb
910 ## - USER-OPTION DATA (OCLC)
User-option data ukb
942 ## - ADDED ENTRY ELEMENTS (KOHA)
Source of classification or shelving scheme Dewey Decimal Classification
Koha item type Odborná literatúra pre dospelých
Suppress in OPAC No
949 ## - LOCAL PROCESSING INFORMATION (OCLC)
6 1800505261
a SL.D.82464
b PV.7215-2011
949 ## - LOCAL PROCESSING INFORMATION (OCLC)
6 1800505262
a SK.D.50324
b PV.7216-2011
s 6707:20111007
Holdings
Stav vyradenia Strata Poškodenie Spôsob nadobudnutia Domovská knižnica Aktuálna knižnica Dátum nadobudnutia Total checkouts Čiarový kód exemplára Date last seen Typ exemplára
      Dar Obecná knižnica Belá-Dulice Obecná knižnica Belá-Dulice 26.03.2026   4735903386 26.03.2026 Odborná literatúra pre dospelých
Projekt je podporený Slovenskou asociáciou knižníc
Prevádzkuje Turčianska knižnica Martin 2026